How repayments flowed in when Niagara dried up (Record no. 67892)
[ view plain ]
| 000 -LEADER | |
|---|---|
| fixed length control field | 01114cam a2200253 4500 |
| 001 - CONTROL NUMBER | |
| control field | ABS64212 |
| 008 - FIXED-LENGTH DATA ELEMENTS--GENERAL INFORMATION | |
| fixed length control field | 010803n2001 000 0 eng u |
| 035 ## - SYSTEM CONTROL NUMBER | |
| System control number | (Sirsi) u113938 |
| 100 ## - MAIN ENTRY--PERSONAL NAME | |
| Personal name | Crossman, H. |
| 245 ## - TITLE STATEMENT | |
| Title | How repayments flowed in when Niagara dried up |
| 260 ## - PUBLICATION, DISTRIBUTION, ETC. | |
| Date of publication, distribution, etc. | 2001 |
| 490 ## - SERIES STATEMENT | |
| Series statement | Construction News |
| Volume/sequential designation | (6123) 5 July 2001, 48(1) |
| 520 ## - SUMMARY, ETC. | |
| Summary, etc. | Examines the case of "Niagara Mechanical Services International (in administration)" (2000) when a contractor, Canary Wharf consortium, was responsible for the design and construction of an office building. A year into the project, sub-contractor Niagara became insolvent. Article looks at the options available to a contractor in order to make sure that a project is completed after a central sub-contractor becomes bankrupt. |
| 590 ## - LOCAL NOTE (RLIN) | |
| Local note | ABS |
| 650 ## - SUBJECT ADDED ENTRY--TOPICAL TERM | |
| Topical term or geographic name entry element | Insolvency |
| 9 (RLIN) | 6247 |
| 650 ## - SUBJECT ADDED ENTRY--TOPICAL TERM | |
| Topical term or geographic name entry element | SUBCONTRACTORS |
| 650 ## - SUBJECT ADDED ENTRY--TOPICAL TERM | |
| Topical term or geographic name entry element | PAYMENTS |
| 650 ## - SUBJECT ADDED ENTRY--TOPICAL TERM | |
| Topical term or geographic name entry element | NIAGARA MECHANICAL SERVICES INTERNATIONAL |
| 650 ## - SUBJECT ADDED ENTRY--TOPICAL TERM | |
| Topical term or geographic name entry element | REPAYMENT |
| 650 ## - SUBJECT ADDED ENTRY--TOPICAL TERM | |
| Topical term or geographic name entry element | CANARY WHARF |
| 650 ## - SUBJECT ADDED ENTRY--TOPICAL TERM | |
| Topical term or geographic name entry element | FINANCIAL OBLIGATIONS |
| 690 ## - LOCAL SUBJECT ADDED ENTRY--TOPICAL TERM (OCLC, RLIN) | |
| Topical term or geographic name as entry element | BUILT ENVIRONMENT-BUILDING CONTRACT FORMS |
| 942 ## - ADDED ENTRY ELEMENTS (KOHA) | |
| Suppress in OPAC | 0 |
| Withdrawn status | Lost status | Source of classification or shelving scheme | Damaged status | Not for loan | Home library | Current library | Shelving location | Date acquired | Total Checkouts | Full call number | Barcode | Date last seen | Copy number | Price effective from | Koha item type |
|---|---|---|---|---|---|---|---|---|---|---|---|---|---|---|---|
| Dewey Decimal Classification | London | London | Journal article | 03/08/2001 | ABS64212 | 113938-1001 | 06/08/2019 | 1 | 06/08/2019 | Journal article |